000 00509nam a2200193 i 4500
001 22469
005 20260330101531.0
008 180220s2012 xr a b 000 j slo
020 _a9788089251940
040 _bslo
041 1 _aslo
_hspa
100 1 _aGuardia, Guadalupe
_4ill
245 1 0 _aRozprávky o zvieratkách
_cilustrácie Guadalupe Guardiavá
264 1 _aBratislava
_bViktoria Print
_c2012
300 _a140
655 7 _apohádky
_2czenas
655 9 _afairy tales
_2eczenas
942 _cOLDE
_n0
999 _c22469
_d22469